书目信息 |
| 题名: |
元代史学思想研究
|
|
| 作者: | 周少川 著 | |
| 分册: | ||
| 出版信息: | 北京 社会科学文献出版社 2001.10 |
|
| 页数: | 236页 | |
| 开本: | 20cm | |
| 丛书名: | 东方历史学术文库 | |
| 单 册: | ||
| 中图分类: | K092.47 | |
| 科图分类: | ||
| 主题词: | 史学--思想--研究--中国--元代 | |
| 电子资源: | ||
| ISBN: | 7-80149-589-6 | |
| 000 | 00648nam0 2200217 45 | |
| 001 | 0201270957 | |
| 005 | 20031219104053.1 | |
| 010 | @a7-80149-589-6@dCNY18.00 | |
| 100 | @a20020127d2001 km y0chiy0120 ea | |
| 101 | 0 | @achi |
| 105 | @a z 000yy | |
| 200 | 1 | @a元代史学思想研究@AYuan Dai Shi Xue Si Xiang Yan Jiu@f周少川著@FZhou Shao Chuan Zhu |
| 210 | @a北京@c社会科学文献出版社@d2001.10 | |
| 215 | @a236页@d20cm | |
| 225 | @a东方历史学术文库 | |
| 410 | @12001 @a东方历史学术文库 | |
| 606 | 0 | @a史学@x思想@x研究@y中国@z元代 |
| 690 | @aK092.47@v4 | |
| 701 | 0 | @a周少川@4著 |
| 801 | @aCN@bTSTC@c20020127 | |
| 905 | @b304754-758@dK092.47@e29@f5 | |
| 元代史学思想研究/周少川著.-北京:社会科学文献出版社,2001.10 |
| 236页;20cm.-(东方历史学术文库) |
| ISBN 7-80149-589-6:CNY18.00 |
| ● |
| 相关链接 |
|
|
|
|
正题名:元代史学思想研究
索取号:K092.47/29
 
预约/预借
| 序号 | 登录号 | 条形码 | 馆藏地/架位号 | 状态 | 备注 |
| 1 | 0304754 | 203047540 | 第二借阅区/ [索取号:K092.47/29] | 在馆 | |
| 2 | 0304755 | 203047559 | 第二借阅区/ [索取号:K092.47/29] | 在馆 | |
| 3 | 0304756 | 203047568 | 第二借阅区/ [索取号:K092.47/29] | 在馆 | |
| 4 | 0304757 | 203047577 | 第二借阅区/ [索取号:K092.47/29] | 在馆 | |
| 5 | 0304758 | 203047586 | 第二样本阅览室/ [索取号:K092.47/29] | 在馆 |